000 00722nam a2200289Ia 4500
005 20260324130557.0
008 008 260324s9999 xx 000 0 eng d
020 _a9780203050095
037 _aEBOOK
040 _aCRL
040 _beng
040 _cCRL
041 _2eng
041 _aeng
084 _qCRL
100 _aRon Morritt; Art Weinstein
_91182301
245 0 _aSegmentation Strategies for Hospitality Managers
245 0 _bTarget Marketing for Competitive Advantage
260 _bTaylor and Francis
260 _c2007
365 _a
365 _b230
856 _uhttp://www.taylorfrancis.com/books/9780203050095
942 _cEBOOK
999 _c1778597
_d1778597